Исповедь (Запись № 1683766)

Подробности
000 -МАРКЕР
контрольное поле 03389nam0a2200505 4500
001 - ИДЕНТИФИКАТОР ЗАПИСИ
контрольное поле RU\NLR\bibl\1787990
005 - ИДЕНТИФИКАТОР ВЕРСИИ
контрольное поле 20260607063639.0
010 ## - МЕЖДУНАРОДНЫЙ СТАНДАРТНЫЙ НОМЕР КНИГИ (ISBN)
Номер (ISBN) 5-88373-173-2
Уточнения в пер.
Тираж 1000
035 ## - ДРУГИЕ СИСТЕМНЫЕ НОМЕРА
Идентификатор записи (nilc)EL/0000009321
035 ## - ДРУГИЕ СИСТЕМНЫЕ НОМЕРА
Идентификатор записи BELG\bibl\0000087391
035 ## - ДРУГИЕ СИСТЕМНЫЕ НОМЕРА
Идентификатор записи EL/0000050994
035 ## - ДРУГИЕ СИСТЕМНЫЕ НОМЕРА
Идентификатор записи (NLR Aleph) 001778707
100 ## - ДАННЫЕ ОБЩЕЙ ОБРАБОТКИ
Данные общей обработки 20040812d2003 |||y0rusy50 ca
101 1# - ЯЗЫК РЕСУРСА
Язык текста, звукозаписи и т.д. русский
Язык оригинала латинский
102 ## - СТРАНА ПУБЛИКАЦИИ ИЛИ ПРОИЗВОДСТВА
Страна публикации Российская Федерация
105 ## - ПОЛЕ КОДИРОВАННЫХ ДАННЫХ: ТЕКСТОВЫЕ МАТЕРИАЛЫ, МОНОГРАФИЧЕСКИЕ
Кодированные данные о монографическом текстовом документе y |||||||||
200 1# - ЗАГЛАВИЕ И СВЕДЕНИЯ ОБ ОТВЕТСТВЕННОСТИ
Основное заглавие Исповедь
Первые сведения об ответственности Аврелий Августин
Последующие сведения об ответственности [пер. с лат. М. Е. Сергеенко]
210 ## - ПУБЛИКАЦИЯ, РАСПРОСТРАНЕНИЕ И ДР.
Место издания, распространения и т.д. Москва
Имя издателя, распространителя и т. д. Канон+
-- РООИ "Реабилитация"
Дата издания, распространения и т.д. 2003
215 ## - ФИЗИЧЕСКАЯ ХАРАКТЕРИСТИКА
Специфическое обозначение материала и объем 462, [1] с.
Размеры 21
225 1# - СЕРИЯ
Основное заглавие серии История христианской мысли в памятниках
Сведения об ответственности редкол.: ... Л.С. Чибисенков (пред.)
320 ## - ПРИМЕЧАНИЯ О НАЛИЧИИ В ДОКУМЕНТЕ БИБЛИОГРАФИИ / УКАЗАТЕЛЯ
Текст примечания Библиогр. в примеч.: с. 388-449
320 ## - ПРИМЕЧАНИЯ О НАЛИЧИИ В ДОКУМЕНТЕ БИБЛИОГРАФИИ / УКАЗАТЕЛЯ
Текст примечания Др. произведения Августина: с. 453
320 ## - ПРИМЕЧАНИЯ О НАЛИЧИИ В ДОКУМЕНТЕ БИБЛИОГРАФИИ / УКАЗАТЕЛЯ
Текст примечания Указ. ист. лиц, мифол. и библейс. персонажей, упоминаемых в "Исповеди": с. 461-462
327 1# - ПРИМЕЧАНИЯ О СОДЕРЖАНИИ
Текст примечания Содержание: Исповедь блаженного Августина, епископа Гиппонского
-- В прил.: Аврелий Августин. Жизнь, учение и его судьбы; "Исповедь". История создания. Жанр. Проблемы достоверности / А. А. Столяров. Жизнь Августина / Поссидий Каламский
464 #0 - АНАЛИТИЧЕСКИЙ УРОВЕНЬ
Встроенное поле 2001#$aАврелий Августин. Жизнь, учение и его судьбы$a"Исповедь". История создания. Жанр. Проблемы достоверности$fА. А. Столяров
-- 700#1$aСтоляров$bА. А.$gАлександр Арнольдович$4070
Заглавие "Исповедь". История создания. Жанр. Проблемы достоверности
Автор Столяров, Александр Арнольдович
464 #0 - АНАЛИТИЧЕСКИЙ УРОВЕНЬ
Встроенное поле 2001#$aЖизнь Августина$fПоссидий Каламский
-- 700#1$3RU\NLR\auth\77100582$aПоссидий$bепископ Каламский$f-ок. 437$4070
Заглавие Жизнь Августина
Автор Поссидий, епископ Каламский (-ок. 437)
517 0# - ДРУГИЕ ВАРИАНТЫ ЗАГЛАВИЯ
Вариант заглавия Исповедь блаженного Августина, епископа Гиппонского
606 1# - НАИМЕНОВАНИЕ ТЕМЫ КАК ПРЕДМЕТ
Наименование темы Богословие христианское
Системный номер авторитетной/нормативной записи 1017361
Идентификатор авторитетной/нормативной записи RU\NLR\auth\6670547
606 1# - НАИМЕНОВАНИЕ ТЕМЫ КАК ПРЕДМЕТ
Наименование темы Платонизм христианский
Системный номер авторитетной/нормативной записи 2168585
Идентификатор авторитетной/нормативной записи RU\NLR\auth\661304633
686 ## - ИНДЕКСЫ ДРУГИХ КЛАССИФИКАЦИЙ
Индекс 87.3(0)414
-- 86.37-4
Код системы
686 ## - ИНДЕКСЫ ДРУГИХ КЛАССИФИКАЦИЙ
Индекс 02.91.09
Код системы
686 ## - ИНДЕКСЫ ДРУГИХ КЛАССИФИКАЦИЙ
Индекс 87.3(0)
Код системы
686 ## - ИНДЕКСЫ ДРУГИХ КЛАССИФИКАЦИЙ
Индекс Э37-4
686 ## - ИНДЕКСЫ ДРУГИХ КЛАССИФИКАЦИЙ
Индекс Ю3(0)414-335
700 #0 - ИМЯ ЛИЦА - ПЕРВИЧНАЯ ОТВЕТСТВЕННОСТЬ
Код отношения Автор
Графика поля Кириллица
Материалы, к которым относится поле rus
Начальный элемент ввода Августин Аврелий
Дополнения к именам, кроме дат епископ Гиппонийский
Даты 354-430
Системный номер авторитетной/нормативной записи 113342
Идентификатор авторитетной/нормативной записи RU\NLR\AUTH\773342
702 #1 - ИМЯ ЛИЦА - ВТОРИЧНАЯ ОТВЕТСТВЕННОСТЬ
Код отношения Переводчик
Графика поля Кириллица
Материалы, к которым относится поле rus
Начальный элемент ввода Сергеенко
Часть имени, кроме начального элемента ввода М. Е.
Даты 1891-1987
Расширение инициалов личного имени Мария Ефимовна
Системный номер авторитетной/нормативной записи 120662
Идентификатор авторитетной/нормативной записи RU\NLR\auth\7710901
801 #0 - ИСТОЧНИК ЗАПИСИ
Страна Российская Федерация
Организация Архангельская ОНБ
Дата составления 20040812
Правила каталогизации RCR
801 #2 - ИСТОЧНИК ЗАПИСИ
Страна Российская Федерация
Организация Белгородская ГУНБ
Дата составления 20060217
801 #2 - ИСТОЧНИК ЗАПИСИ
Страна Российская Федерация
Организация Белгородская ГУНБ
Дата составления 20060131
Правила каталогизации PSBO
801 #2 - ИСТОЧНИК ЗАПИСИ
Страна Российская Федерация
Организация NLR
Дата составления 20101113
Правила каталогизации rcr
942 ## - ДОПОЛНИТЕЛЬНЫЕ ЭЛЕМЕНТЫ ЗАПИСИ (АБИС)
Тип экземпляра АБИС Книга
980 ## - КОЛЛЕКЦИЯ
Название коллекции Национальная библиография
Экземпляры
Тип экземпляра Дата поступления Источник поступления Стоимость Библиотека постоянного хранения Библиотека текущего хранения Место хранения Шифр хранения Штрих-код Статус экземпляра
Книга 12.07.2011 Покупка 210.00 РНБ (Московский) РНБ (Московский) Русский книжный фонд: издания с 1957 года 2011-3/21840 1-177375